000 00309 a2200097 4500
020 _a9694170753
082 _a624.1719 ANA
245 _aAnalysis of Structures : Stiffness Method
_cHigher Education Comission
260 _aPakistan :
_bHigher Education Comission
_c2003
300 _avii, 122p. :
_bill. ;
_c23 cm
650 _aStructural Analysis
999 _c1255
_d1255